| 000 -LEADER |
| fixed length control field |
01311nam a22003017a 4500 |
| 001 - CONTROL NUMBER |
| control field |
1396 |
| 003 - CONTROL NUMBER IDENTIFIER |
| control field |
BD-DhUAP |
| 005 - DATE AND TIME OF LATEST TRANSACTION |
| control field |
20210120152714.0 |
| 008 - FIXED-LENGTH DATA ELEMENTS--GENERAL INFORMATION |
| fixed length control field |
200206s1995 mnuar 0 a0eng c |
| 020 ## - INTERNATIONAL STANDARD BOOK NUMBER |
| International Standard Book Number |
0314065598 |
| 040 ## - CATALOGING SOURCE |
| Original cataloging agency |
FXG |
| Language of cataloging |
Eng |
| Transcribing agency |
FXG |
| Modifying agency |
BD-DhUAP |
| 082 0# - DEWEY DECIMAL CLASSIFICATION NUMBER |
| Edition number |
23 |
| Classification number |
343.73052 SOL |
| 245 00 - TITLE STATEMENT |
| Title |
Solutions manual to accompany West's Federal taxation : |
| Remainder of title |
individual income taxes / |
| Statement of responsibility, etc. |
Edited by William H. Hoffman... [et al.] |
| 250 ## - EDITION STATEMENT |
| Edition statement |
1996 annual edition. |
| 260 ## - PUBLICATION, DISTRIBUTION, ETC. |
| Place of publication, distribution, etc. |
St. Paul : |
| Name of publisher, distributor, etc. |
West Pub., |
| Date of publication, distribution, etc. |
c1995. |
| 300 ## - PHYSICAL DESCRIPTION |
| Extent |
various pages ; |
| Dimensions |
26 cm. |
| 500 ## - GENERAL NOTE |
| General note |
Includes instructor's guide and solutions manual; and Master tax: user's guide and documentation. |
| 500 ## - GENERAL NOTE |
| General note |
Editors: <1978-80> L.C. Phillips and W.H. Hoffman. |
| 515 ## - NUMBERING PECULIARITIES NOTE |
| Numbering peculiarities note |
Issue for 2002 called also 25th anniversary. |
| 530 ## - ADDITIONAL PHYSICAL FORM AVAILABLE NOTE |
| Additional physical form available note |
Also issued on CD-ROM. |
| 580 ## - LINKING ENTRY COMPLEXITY NOTE |
| Linking entry complexity note |
Accompanied by: Introduction to computerized tax planning with AATAXCOM. |
| 580 ## - LINKING ENTRY COMPLEXITY NOTE |
| Linking entry complexity note |
Can be used with: West-tax preparer ... to accompany West's federal taxation, and: Introduction to computerized tax planning with the BNA income tax spreadsheet. |
| 590 ## - LOCAL NOTE (RLIN) |
| Local note |
SERBIB/SERLOC merged record |
| 650 #0 - SUBJECT ADDED ENTRY--TOPICAL TERM |
| Topical term or geographic name entry element |
Income tax |
| General subdivision |
Law and legislation |
| Geographic subdivision |
United States. |
| 650 #7 - SUBJECT ADDED ENTRY--TOPICAL TERM |
| Topical term or geographic name entry element |
Income tax |
| General subdivision |
Law and legislation. |
| 700 ## - ADDED ENTRY--PERSONAL NAME |
| Personal name |
Hoffma, William H. |
| 942 ## - ADDED ENTRY ELEMENTS (KOHA) |
| Source of classification or shelving scheme |
|
| Koha item type |
Book |